000 01030nam a2200241 a 4500
001 53690
003 BD-RjUL
005 20211209080013.0
008 161023s1959 bg ||||| |||| 00| 0 ben d
020 _c: Tk. 5.00
035 _a(BD-RjUL)53812
040 _aBD-RjUL
_bben
_cBD-RjUL
041 _aben
082 _223
_a891.44109
_bISB 1959
100 _aইসলাম, এ, কে, এম, আমিনুল
_9160449
245 1 0 _aবাংলা সাহিত্যে মুসলিম কবি ও কাব্য :
_bসমালোচনা মূলক গ্রন্থ /
_cএ, কে, এম, আমিনুল ইসলাম
260 _aঢাকা :
_bবুক স্টল,
_c১৯৫৯
300 _a[৮], ২০০ পৃ. ;
_c২২ সেমি.
500 _aনির্ঘণ্ট সংযুক্ত
650 _aবাংলা কবিতা
_xইতিহাস ও সমালোচনা
_9160450
650 _aBengali Poetry
_xHistory and Criticism
_9160451
942 _2ddc
_cBK
999 _c53690
_d53690